000 00752nam a2200217Ia 4500
003 GCL
008 140319s9999 xx 000 0 ara d
040 _aGCL /
_cGCL
082 0 4 _a258.4
_bم ا
100 1 _aمحمد ابوزهرة
245 1 0 _aابن حنبل: حياته وعصره اراءوة وفقهه /
_cمحمد ابوزهرة
260 _a[S.N] :
_bدار الفكر العربى
300 _a366 ص
490 _a
650 0 4 _aالاسلام
650 0 4 _aالفقه الاسلامى
650 0 4 _aالمذاهب الاسلامية
650 0 4 _aالفقه الحنبلى
650 0 4 _aابن حنبل: ابوعبدالله احمد بن محمد بن هلال بن اسد بن ادريس الشيبانى
942 _2ddc
_cBK
999 _c31466
_d31466